AS Roma Squad 2017-2018 - Statistics

General Stats
  • This quiz has been taken 234 times
  • The average score is 14 of 28
Answer Stats
# Player Nationality % Correct
9 Edin Dzeko Bosnia
93%
1 Alisson Becker Brazil
89%
44 Kostas Manolas Greece
87%
16 Daniele De Rossi Italy
79%
6 Kevin Strootman Netherlands
76%
4 Radja Nainggolan Belgium
76%
24 Alessandro Florenzi Italy
75%
11 Aleksandar Kolarov Serbia
74%
17 Cengiz Under Turkey
72%
92 Stephan El Shaarawy Italy
66%
8 Diego Perotti Argentina
65%
7 Lorenzo Pellegrini Italy
65%
2 Luca Pellegrini Italy
65%
20 Federico Fazio Argentina
63%
5 Juan Jesus Brazil
61%
25 Bruno Peres Brazil
42%
26 Rick Karsdorp Netherlands
41%
15 Hector Moreno Mexico
39%
21 Maxime Gonalons France
38%
18 Bogdan Lobont Romania
37%
28 Lukasz Skorupski Poland
32%
30 Gerson Brazil
29%
33 Emerson Palmieri Italy
24%
23 Gregoire Defrel France
23%
97 Sadiq Umar Nigeria
14%
12 Andrea Romagnoli Italy
4%
22 Nura Abdullahi Nigeria
2%
32 Marco Tumminello Italy
1%
No matching quizzes found
Score Distribution
Percent of People with Each Score
Percentile by Number Answered
Your Score History
You have not taken this quiz